Occupancy costs. (Record no. 96015)
[ view plain ]
| 000 -LEADER | |
|---|---|
| fixed length control field | 00812cam a2200229 4500 |
| 001 - CONTROL NUMBER | |
| control field | J534 |
| 008 - FIXED-LENGTH DATA ELEMENTS--GENERAL INFORMATION | |
| fixed length control field | 090401t1992 xxu||||| |||| 00| 0 eng d |
| 035 ## - SYSTEM CONTROL NUMBER | |
| System control number | (Sirsi) u75444 |
| 041 ## - LANGUAGE CODE | |
| Language code of text/sound track or separate title | eng |
| 050 ## - LIBRARY OF CONGRESS CALL NUMBER | |
| Classification number | 690.24 |
| 100 ## - MAIN ENTRY--PERSONAL NAME | |
| Personal name | Martin, Joe |
| 245 ## - TITLE STATEMENT | |
| Title | Occupancy costs. |
| 260 ## - PUBLICATION, DISTRIBUTION, ETC. | |
| Place of publication, distribution, etc. | Ascot, Berks. |
| Name of publisher, distributor, etc. | Chartered Institute of Building |
| Date of publication, distribution, etc. | 1992 |
| 300 ## - PHYSICAL DESCRIPTION | |
| Extent | 7p. ; 30cm. |
| 350 ## - PRICE (NR) (BK AM CF MU VM SE) [OBSOLETE] | |
| Price | 3.5 |
| 490 ## - SERIES STATEMENT | |
| Series statement | Construction Papers |
| Volume/sequential designation | 3 |
| 520 ## - SUMMARY, ETC. | |
| Summary, etc. | Stresses the need for managers to collect occupancy cost information and to exchange the information between organisations. Describes the Building Maintenance Information publications and the BMI Standard Form of Property Occupancy Cost Analysis. |
| 690 ## - LOCAL SUBJECT ADDED ENTRY--TOPICAL TERM (OCLC, RLIN) | |
| Topical term or geographic name as entry element | BUILT ENVIRONMENT |
| 710 ## - ADDED ENTRY--CORPORATE NAME | |
| Corporate name or jurisdiction name as entry element | Chartered Institute of Building |
| 9 (RLIN) | 2134 |
| 942 ## - ADDED ENTRY ELEMENTS (KOHA) | |
| Suppress in OPAC | 0 |
| 948 ## - LOCAL PROCESSING INFORMATION (OCLC); SERIES PART DESIGNATOR (RLIN) | |
| c (OCLC) | 04/03/1997 |
| Withdrawn status | Lost status | Source of classification or shelving scheme | Damaged status | Not for loan | Home library | Current library | Shelving location | Date acquired | Cost, normal purchase price | Total Checkouts | Full call number | Barcode | Date last seen | Copy number | Cost, replacement price | Price effective from | Koha item type |
|---|---|---|---|---|---|---|---|---|---|---|---|---|---|---|---|---|---|
| Dewey Decimal Classification | London | London | Enquiry desk | 20/02/1992 | 3.50 | BOXED SET | 30025903 | 06/08/2019 | 1 | 3.50 | 06/08/2019 | Book |